[Event "FICGS rapid C 000298 email"]
[Site "FICGS email"]
[Date "2023.07.30"]
[Round "1"]
[White "Phillips, Wendell"]
[Black "Goldmund, Heike"]
[Result "1-0"]
[WhiteElo "1722"]
[BlackElo "1510"]
[PlyCount "93"]
[EventDate "2023.??.??"]
[EventType "tourn (rapid)"]
[EventRounds "4"]
[SourceTitle "Corr 2024"]
[Source "ChessBase"]
[SourceDate "2023.10.19"]
[SourceVersion "1"]
[SourceVersionDate "2023.10.19"]
[SourceQuality "1"]

1. e4 d5 2. Bd3 dxe4 3. Bxe4 Nf6 4. Bf3 Bf5 5. d3 e6 6. Bxb7 Nbd7 7. Bxa8 Qxa8 8. Qf3 Qb8 9. h3 Bd6 10. Qe2 0-0 11. c3 Re8 12. Nf3 Nc5 13. 0-0 Bxd3 14. Qe1 Bxf1 15. Qxf1 Rd8 16. Be3 Nd5 17. b4 Ne4 18. Qd3 Nxe3 19. Qxe3 Qb7 20. Nbd2 Nxd2 21. Nxd2 c6 22. Ne4 Bc7 23. Qe2 Be5 24. Nc5 Qc7 25. Rc1 Bf4 26. Rd1 Bd6 27. Ne4 Be5 28. Rd3 Rd5 29. c4 Rxd3 30. Qxd3 Kf8 31. Nc5 Ke7 32. Qxh7 g6 33. Qh4+ Bf6 34. Qg3 Be5 35. Qe3 Qd6 36. Nd3 Bd4 37. Qe4 f5 38. Qh4+ Bf6 39. Qh7+ Ke8 40. Qg8+ Kd7 41. Qf7+ Be7 42. Nc5+ Kc7 43. Qxe6 Qd1+ 44. Kh2 Bd6+ 45. g3 Qf3 46. Qd7+ Kb6 47. Qb7# 1-0

[Event "FICGS class D 000294 email"]
[Site "FICGS email"]
[Date "2023.04.16"]
[Round "1"]
[White "Goldmund, Heike"]
[Black "Pintor, Manuel"]
[Result "1/2-1/2"]
[WhiteElo "1526"]
[BlackElo "1699"]
[PlyCount "77"]
[EventDate "2023.??.??"]
[EventType "tourn (corr)"]
[EventRounds "6"]
[SourceTitle "Corr 2024"]
[Source "ChessBase"]
[SourceDate "2023.10.19"]
[SourceVersion "1"]
[SourceVersionDate "2023.10.19"]
[SourceQuality "1"]

1. e4 e5 2. Nf3 Nc6 3. c3 Bc5 4. Bc4 Qf6 5. a4 a5 6. 0-0 d6 7. d3 Bg4 8. Be3 0-0-0 9. Nbd2 Nge7 10. Nb3 Bxe3 11. fxe3 b6 12. d4 Ng6 13. Bd5 Nce7 14. Bc4 Nh4 15. Nbd2 c5 16. Qc2 Nxf3+ 17. Nxf3 Qh6 18. Bxf7 Qxe3+ 19. Kh1 h5 20. Rae1 Qh6 21. Nh4 Qg5 22. g3 Rhf8 23. Qd3 exd4 24. cxd4 Nc6 25. Qa6+ Kc7 26. d5 Ne5 27. Qa7+ Kc8 28. Qa8+ Kc7 29. Qa7+ Kc8 30. Be6+ Bxe6 31. dxe6 Rxf1+ 32. Rxf1 Qd2 33. Qxb6 Ng4 34. Qc6+ Kb8 35. Nf3 Qe2 36. Qb6+ Kc8 37. Kg1 Ne3 38. Qc6+ Kb8 39. Qb6+ 1/2-1/2

[Event "FICGS class D 000294 email"]
[Site "FICGS email"]
[Date "2023.04.16"]
[Round "1"]
[White "Leurette, Marc Antoine"]
[Black "Goldmund, Heike"]
[Result "1-0"]
[WhiteElo "1656"]
[BlackElo "1526"]
[PlyCount "61"]
[EventDate "2023.??.??"]
[EventType "tourn (corr)"]
[EventRounds "6"]
[SourceTitle "Corr 2024"]
[Source "ChessBase"]
[SourceDate "2023.10.19"]
[SourceVersion "1"]
[SourceVersionDate "2023.10.19"]
[SourceQuality "1"]

1. e4 d5 2. exd5 Qxd5 3. Nc3 Qa5 4. d4 Nf6 5. Bd2 c6 6. Nf3 Bg4 7. Be2 e6 8. h3 Bf5 9. 0-0 Qc7 10. Be3 Bd6 11. Ne5 Nbd7 12. Bf4 0-0-0 13. Qc1 Nxe5 14. dxe5 Bxe5 15. Bxe5 Qxe5 16. Re1 Qc7 17. a4 Rd7 18. b4 Rhd8 19. a5 a6 20. Na4 Rd2 21. Bd3 Qf4 22. Re2 R8xd3 23. cxd3 Qxb4 24. Rxd2 Qxa5 25. Nc5 Qc7 26. Qa3 Nd5 27. d4 Qf4 28. Rb2 Qxd4 29. Nxb7 Nc7 30. Qf8+ Kd7 31. Qd8# 1-0

[Event "FICGS rapid D 000148 email"]
[Site "FICGS email"]
[Date "2023.04.16"]
[Round "1"]
[White "Leurette, Marc Antoine"]
[Black "Goldmund, Heike"]
[Result "1-0"]
[WhiteElo "1656"]
[BlackElo "1526"]
[PlyCount "83"]
[EventDate "2023.??.??"]
[EventType "tourn (rapid)"]
[EventRounds "5"]
[SourceTitle "Corr 2024"]
[Source "ChessBase"]
[SourceDate "2023.10.19"]
[SourceVersion "1"]
[SourceVersionDate "2023.10.19"]
[SourceQuality "1"]

1. e4 d5 2. exd5 Qxd5 3. Nc3 Qa5 4. d4 Nf6 5. Bd2 c6 6. Nf3 Bg4 7. Be2 e6 8. h3 Bf5 9. 0-0 Nbd7 10. Nh4 Bg6 11. Ne4 Qc7 12. Nxf6+ Nxf6 13. Re1 Bd6 14. Bf3 0-0-0 15. c3 Bf4 16. Bxf4 Qxf4 17. g3 Qc7 18. a4 Rde8 19. b4 Nd5 20. Qb3 Bd3 21. c4 Nxb4 22. Qxb4 Rd8 23. c5 Ba6 24. Be2 Bxe2 25. Rxe2 Rd5 26. a5 a6 27. Nf3 h6 28. Rd2 f6 29. Rb1 Rhd8 30. Rdb2 R8d7 31. Kg2 g5 32. g4 e5 33. dxe5 fxe5 34. Rd2 Rd8 35. Rxd5 Rxd5 36. Qe4 Rxc5 37. Qf5+ Kb8 38. Qf8+ Ka7 39. Qxc5+ Kb8 40. Nxe5 Qh7 41. Nxc6+ Ka8 42. Qa7# 1-0

[Event "FICGS rapid D 000148 email"]
[Site "FICGS email"]
[Date "2023.04.16"]
[Round "1"]
[White "Pintor, Manuel"]
[Black "Goldmund, Heike"]
[Result "1-0"]
[WhiteElo "1699"]
[BlackElo "1526"]
[PlyCount "69"]
[EventDate "2023.??.??"]
[EventType "tourn (rapid)"]
[EventRounds "5"]
[SourceTitle "Corr 2024"]
[Source "ChessBase"]
[SourceDate "2023.10.19"]
[SourceVersion "1"]
[SourceVersionDate "2023.10.19"]
[SourceQuality "1"]

1. e4 d5 2. exd5 Qxd5 3. d4 e5 4. Nc3 Qxd4 5. Qxd4 exd4 6. Nb5 c5 7. Nc7+ Kd7 8. Nxa8 Nc6 9. Bf4 g6 10. Nc7 Bd6 11. Bxd6 Kxd6 12. Nb5+ Ke6 13. Nc7+ Kd7 14. Nd5 Nh6 15. 0-0-0 Kd6 16. c4 a6 17. Nf4 Nf5 18. Nf3 Re8 19. Nd5 b5 20. Nf6 h6 21. Nxe8+ Ke7 22. Nc7 Kd6 23. Nd5 Be6 24. cxb5 axb5 25. Nf4 Bd7 26. Bxb5 g5 27. Bxc6 Bxc6 28. Nd3 Kd5 29. Nde5 Be8 30. g4 Nd6 31. h4 Ne4 32. Rh2 Bb5 33. Re1 f6 34. Nf7 Bc4 35. Nxh6 1-0

[Event "FICGS class D 000294 email"]
[Site "FICGS email"]
[Date "2023.04.16"]
[Round "1"]
[White "Zmolil, Karel"]
[Black "Goldmund, Heike"]
[Result "1-0"]
[WhiteElo "1770"]
[BlackElo "1526"]
[PlyCount "73"]
[EventDate "2023.??.??"]
[EventType "tourn (corr)"]
[EventRounds "6"]
[SourceTitle "Corr 2024"]
[Source "ChessBase"]
[SourceDate "2023.10.19"]
[SourceVersion "1"]
[SourceVersionDate "2023.10.19"]
[SourceQuality "1"]

1. e4 d5 2. exd5 Qxd5 3. Nc3 Qa5 4. d3 Nf6 5. Bd2 c6 6. Be2 e6 7. Nf3 Qc7 8. h3 Bd6 9. Ne4 Nxe4 10. dxe4 Nd7 11. Bc3 Nc5 12. e5 Be7 13. 0-0 Ne4 14. Be1 Ng5 15. Nxg5 Bxg5 16. f4 Be7 17. Bd3 Qb6+ 18. Kh1 Qxb2 19. Bd2 Qb6 20. Qg4 0-0 21. Rf3 Rd8 22. Rg3 Bf8 23. Qh4 Qf2 24. Rxg7+ Bxg7 25. Qxf2 b6 26. Qh4 Bb7 27. Qxh7+ Kf8 28. f5 Bxe5 29. Bh6+ Ke7 30. fxe6 Kxe6 31. Bf5+ Ke7 32. Bg5+ Bf6 33. Re1+ Kd6 34. Bxf6 Rd7 35. Rd1+ Kc7 36. Rxd7+ Kb8 37. Be5+ 1-0

[Event "FICGS rapid C 000295 email"]
[Site "FICGS email"]
[Date "2023.03.18"]
[Round "1"]
[White "Goldmund, Heike"]
[Black "Nurcahyo, Dery"]
[Result "0-1"]
[WhiteElo "1526"]
[BlackElo "1640"]
[PlyCount "64"]
[EventDate "2023.??.??"]
[EventType "tourn (rapid)"]
[EventRounds "4"]
[SourceTitle "Corr 2024"]
[Source "ChessBase"]
[SourceDate "2023.10.19"]
[SourceVersion "1"]
[SourceVersionDate "2023.10.19"]
[SourceQuality "1"]

1. b4 f5 2. Bb2 d6 3. e3 e5 4. c4 Nf6 5. Nf3 Nc6 6. b5 Ne7 7. Be2 Ng6 8. 0-0 Be7 9. d3 0-0 10. Nbd2 Bd7 11. Qc2 h6 12. a4 Nh7 13. Nb3 Ng5 14. Nbd2 c6 15. Rfd1 Rc8 16. Qc3 Ne6 17. h3 Bf6 18. e4 f4 19. Qb4 c5 20. Qc3 a6 21. Nh2 Nd4 22. Bf1 Bh4 23. Ndf3 Nxf3+ 24. Nxf3 Bf6 25. Be2 Nh4 26. Qe1 Nxf3+ 27. Bxf3 Qb6 28. Qe2 Ra8 29. Rdb1 Qd8 30. bxa6 Rxa6 31. Bc3 g6 32. Rxb7 Rxa4 0-1

[Event "FICGS rapid C 000295 email"]
[Site "FICGS email"]
[Date "2023.03.18"]
[Round "1"]
[White "Goldmund, Heike"]
[Black "Ramirez, Eliecer"]
[Result "0-1"]
[WhiteElo "1526"]
[BlackElo "1953"]
[PlyCount "38"]
[EventDate "2023.??.??"]
[EventType "tourn (rapid)"]
[EventRounds "4"]
[SourceTitle "Corr 2024"]
[Source "ChessBase"]
[SourceDate "2023.10.19"]
[SourceVersion "1"]
[SourceVersionDate "2023.10.19"]
[SourceQuality "1"]

1. b4 e5 2. Bb2 Bxb4 3. Bxe5 Nf6 4. a3 Ba5 5. c4 0-0 6. Nf3 Re8 7. e3 d5 8. cxd5 Nxd5 9. Be2 Nd7 10. Bb2 N7f6 11. 0-0 Ne4 12. Qa4 Bb6 13. d3 Nxf2 14. Kxf2 Bxe3+ 15. Ke1 b5 16. Qxb5 Bg4 17. Qc4 Rb8 18. Qc2 Nf4 19. Qc3 Rxb2 0-1

[Event "FICGS rapid D 000147 email"]
[Site "FICGS email"]
[Date "2022.12.29"]
[Round "1"]
[White "Goldmund, Heike"]
[Black "Brand Lyard, Paul"]
[Result "0-1"]
[WhiteElo "1419"]
[BlackElo "1400"]
[PlyCount "66"]
[EventDate "2022.??.??"]
[EventType "tourn (rapid)"]
[EventRounds "5"]
[SourceTitle "Corr 2024"]
[Source "ChessBase"]
[SourceDate "2023.10.19"]
[SourceVersion "1"]
[SourceVersionDate "2023.10.19"]
[SourceQuality "1"]

1. d4 d5 2. Nf3 Bg4 3. e3 e6 4. Be2 Bxf3 5. Bxf3 Nf6 6. b3 Bd6 7. Bb2 0-0 8. 0-0 Nbd7 9. Nd2 h5 10. c4 c6 11. Be2 g6 12. Nf3 Ng4 13. h3 Nxf2 14. Rxf2 Bg3 15. Rf1 Nf6 16. Ng5 dxc4 17. Bxc4 b5 18. Bd3 h4 19. d5 exd5 20. Bxf6 Qe8 21. Qg4 Qxe3+ 22. Kh1 Qxd3 23. Nf3 Rae8 24. Nxh4 Re2 25. Nf3 Rfe8 26. Qxg3 Qc2 27. Rfc1 Qb2 28. Bxb2 Rxb2 29. Nd4 c5 30. Nf5 Ree2 31. Rxc5 Rxa2 32. Rxa2 Rxa2 33. Qb8+ Kh7 0-1

[Event "FICGS rapid D 000147 email"]
[Site "FICGS email"]
[Date "2022.12.29"]
[Round "1"]
[White "Goldmund, Heike"]
[Black "Pintor, Manuel"]
[Result "0-1"]
[WhiteElo "1419"]
[BlackElo "1652"]
[PlyCount "74"]
[EventDate "2022.??.??"]
[EventType "tourn (rapid)"]
[EventRounds "5"]
[SourceTitle "Corr 2024"]
[Source "ChessBase"]
[SourceDate "2023.10.19"]
[SourceVersion "1"]
[SourceVersionDate "2023.10.19"]
[SourceQuality "1"]

1. e4 e5 2. Nf3 Nc6 3. Bc4 Qf6 4. 0-0 Bc5 5. c3 d6 6. d3 h6 7. a4 a5 8. Be3 Nge7 9. Nbd2 Bg4 10. Qc2 0-0 11. Bxc5 dxc5 12. Bb5 Ng6 13. h3 Bd7 14. Nc4 Rad8 15. Rab1 Nh4 16. Nxh4 Qxh4 17. Qe2 Qg5 18. f3 Bxh3 19. Ne3 Ne7 20. Ng4 Bxg4 21. fxg4 Ng6 22. g3 Qe7 23. Bc4 Kh7 24. Qh2 f6 25. Bb3 c6 26. Bd1 Rxd3 27. Be2 Rd2 28. Rfe1 Rfd8 29. Qh3 Rc2 30. Bf3 Rdd2 31. Red1 Qd7 32. Rxd2 Qxd2 33. Qg2 Qe3+ 34. Kh1 Rxg2 35. Bxg2 Qxg3 36. Rd1 Nf4 37. Rg1 Qh4+ 0-1

[Event "FICGS rapid E 000247 email"]
[Site "FICGS email"]
[Date "2022.10.29"]
[Round "1"]
[White "Goldmund, Heike"]
[Black "Jerez, Miriam"]
[Result "1-0"]
[WhiteElo "1427"]
[BlackElo "991"]
[PlyCount "63"]
[EventDate "2022.??.??"]
[EventType "tourn (rapid)"]
[EventRounds "6"]
[SourceTitle "Corr 2024"]
[Source "ChessBase"]
[SourceDate "2023.10.19"]
[SourceVersion "1"]
[SourceVersionDate "2023.10.19"]
[SourceQuality "1"]

1. d4 Nf6 2. c4 d5 3. e3 Nc6 4. Bd3 e5 5. cxd5 Nxd5 6. Nc3 Bb4 7. Qc2 0-0 8. Bd2 Re8 9. Nf3 Qf6 10. Nxd5 Qd6 11. Nc3 b6 12. 0-0 exd4 13. Nxd4 Nxd4 14. exd4 Qxd4 15. a3 Bd6 16. Be3 Qf6 17. Bxh7+ Kh8 18. Bd3 Bb7 19. Qe2 Kg8 20. Rfe1 c5 21. Qh5 Rac8 22. Qh7+ Kf8 23. Qh8+ Ke7 24. Bg5+ Kd7 25. Qh3+ Kc6 26. Bxf6 gxf6 27. Qf3+ Kc7 28. Qxf6 Rf8 29. Rad1 Kb8 30. Qxd6+ Ka8 31. Be4 Bxe4 32. Nxe4 1-0

[Event "FICGS class E 000243 email"]
[Site "FICGS email"]
[Date "2022.10.25"]
[Round "1"]
[White "Piantadosi, Angelo"]
[Black "Goldmund, Heike"]
[Result "0-1"]
[WhiteElo "1418"]
[BlackElo "1427"]
[PlyCount "72"]
[EventDate "2022.??.??"]
[EventType "tourn (corr)"]
[EventRounds "5"]
[SourceTitle "Corr 2024"]
[Source "ChessBase"]
[SourceDate "2023.10.19"]
[SourceVersion "1"]
[SourceVersionDate "2023.10.19"]
[SourceQuality "1"]

1. d4 Nf6 2. c4 b6 3. Nc3 Bb7 4. Nf3 e6 5. Bg5 Be7 6. e3 c5 7. Bd3 d6 8. 0-0 0-0 9. Rc1 Nbd7 10. Bh4 a6 11. Bg3 Nh5 12. d5 Nxg3 13. hxg3 exd5 14. cxd5 Nf6 15. e4 Re8 16. Re1 Ng4 17. Nh2 Ne5 18. Bb1 Bg5 19. f4 Bxf4 20. gxf4 Nc4 21. Nf3 Nxb2 22. Qc2 Nc4 23. Qb3 b5 24. a4 Qa5 25. axb5 axb5 26. Nxb5 Nb6 27. Nc7 c4 28. Qc2 Qc5+ 29. Kh1 Qxc7 30. e5 Bxd5 31. Qxh7+ Kf8 32. Qh8+ Ke7 33. Qxg7 Rh8+ 34. Kg1 Rag8 35. Qf6+ Kf8 36. Nd4 Rxg2+ 0-1

[Event "FICGS no engines 123 email"]
[Site "FICGS email"]
[Date "2022.09.24"]
[Round "1"]
[White "Goldmund, Heike"]
[Black "Teverovski, Bogoljub"]
[Result "0-1"]
[WhiteElo "1427"]
[BlackElo "2082"]
[PlyCount "56"]
[EventDate "2022.??.??"]
[EventType "swiss (corr)"]
[EventRounds "1"]
[SourceTitle "Corr 2024"]
[Source "ChessBase"]
[SourceDate "2023.10.19"]
[SourceVersion "1"]
[SourceVersionDate "2023.10.19"]
[SourceQuality "1"]

1. b4 d5 2. Bb2 Nf6 3. e3 g6 4. c4 Bg7 5. Nf3 0-0 6. Be2 a5 7. b5 dxc4 8. Bxc4 a4 9. a3 c6 10. 0-0 cxb5 11. Be2 Bd7 12. d3 Na6 13. Nbd2 Rc8 14. Re1 b4 15. axb4 Nxb4 16. Ne5 Nc2 17. Rf1 Nxa1 18. Qxa1 b5 19. Ndf3 b4 20. Nxd7 Qxd7 21. Ne5 Qb5 22. Nc4 a3 23. Bd4 Rfd8 24. Rb1 Ra8 25. Nxa3 Qa4 26. Nc2 Qxc2 27. Bf1 Rxa1 28. Rxa1 b3 0-1

[Event "FICGS class D 000288 email"]
[Site "FICGS email"]
[Date "2022.09.24"]
[Round "1"]
[White "Plunkett, Louis"]
[Black "Goldmund, Heike"]
[Result "0-1"]
[WhiteElo "1706"]
[BlackElo "1427"]
[PlyCount "98"]
[EventDate "2022.??.??"]
[EventType "tourn (corr)"]
[EventRounds "6"]
[SourceTitle "Corr 2024"]
[Source "ChessBase"]
[SourceDate "2023.10.19"]
[SourceVersion "1"]
[SourceVersionDate "2023.10.19"]
[SourceQuality "1"]

1. c4 b6 2. Nc3 Bb7 3. e4 e6 4. Nge2 c5 5. g3 d6 6. Bg2 Nf6 7. 0-0 Nbd7 8. d3 Be7 9. f4 0-0 10. d4 cxd4 11. Nxd4 Nc5 12. Qc2 Ng4 13. b4 Bf6 14. Nce2 e5 15. fxe5 dxe5 16. bxc5 exd4 17. Qd3 bxc5 18. Bf4 Re8 19. Rae1 Ne5 20. Bxe5 Rxe5 21. Nf4 Qb6 22. Nd5 Bxd5 23. cxd5 Rb8 24. Rb1 Qd8 25. Rxb8 Qxb8 26. Rb1 Qc7 27. Qa6 Bg5 28. d6 Qd8 29. Qxa7 Re8 30. d7 Rf8 31. Rb7 d3 32. Qxc5 Qa8 33. Qd5 d2 34. e5 Rd8 35. Bf3 Qa3 36. Bd1 Qc1 37. Qb3 Qc5+ 38. Kg2 Qc6+ 39. Bf3 Qc5 40. Qb2 Qc1 41. Qb3 Qe1 42. Qd5 Be3 43. Rc7 Qf2+ 44. Kh3 Qf1+ 45. Kg4 Qa6 46. Rc8 Qg6+ 47. Kh4 Qh6+ 48. Kg4 Qg5+ 49. Kh3 Qf5+ 0-1

[Event "FICGS class E 000242 email"]
[Site "FICGS email"]
[Date "2022.07.15"]
[Round "1"]
[White "Piantadosi, Angelo"]
[Black "Goldmund, Heike"]
[Result "1-0"]
[WhiteElo "1437"]
[BlackElo "1423"]
[PlyCount "47"]
[EventDate "2022.??.??"]
[EventType "tourn (corr)"]
[EventRounds "5"]
[SourceTitle "Corr 2024"]
[Source "ChessBase"]
[SourceDate "2023.10.19"]
[SourceVersion "1"]
[SourceVersionDate "2023.10.19"]
[SourceQuality "1"]

1. e4 d5 2. exd5 Qxd5 3. Nc3 Qa5 4. d4 Nf6 5. Nf3 Bg4 6. Be2 e6 7. 0-0 c6 8. Bd2 Nbd7 9. Re1 Qc7 10. h3 Bh5 11. g3 Bd6 12. Ne5 Bxe2 13. Qxe2 0-0-0 14. Nxf7 Rhf8 15. Nxd8 Qxd8 16. Qxe6 h6 17. Qxd6 a6 18. Bf4 Nh5 19. Be3 Nhf6 20. d5 cxd5 21. Nxd5 Ne4 22. Ne7+ Qxe7 23. Qxe7 Nef6 24. Bd4 1-0

[Event "FICGS rapid D 000144 email"]
[Site "FICGS email"]
[Date "2022.06.27"]
[Round "1"]
[White "Goldmund, Heike"]
[Black "Haack, Stefan"]
[Result "0-1"]
[WhiteElo "1417"]
[BlackElo "1404"]
[PlyCount "68"]
[EventDate "2022.??.??"]
[EventType "tourn (rapid)"]
[EventRounds "5"]
[SourceTitle "Corr 2024"]
[Source "ChessBase"]
[SourceDate "2023.10.19"]
[SourceVersion "1"]
[SourceVersionDate "2023.10.19"]
[SourceQuality "1"]

1. b4 f5 2. Bb2 Nf6 3. Nf3 e6 4. a3 a5 5. b5 c6 6. e3 Be7 7. c4 0-0 8. d3 d5 9. Be2 Bd7 10. Ne5 cxb5 11. cxd5 exd5 12. Nxd7 Qxd7 13. 0-0 Nc6 14. Nd2 Rac8 15. d4 b4 16. axb4 Bxb4 17. Nf3 Ne4 18. Bb5 Qe6 19. h3 f4 20. Qd3 Na7 21. Ba4 Bc3 22. Ba3 Bxa1 23. Rxa1 fxe3 24. fxe3 Rc3 25. Qb1 Rxf3 26. gxf3 Nd2 27. Qxb7 Qxe3+ 28. Kh2 Qf2+ 29. Kh1 Qxf3+ 30. Kg1 Qg3+ 31. Kh1 Qxh3+ 32. Kg1 Rg3+ 33. Kf2 Qh2+ 34. Ke1 Rg1# 0-1

[Event "FICGS class D 000285 email"]
[Site "FICGS email"]
[Date "2022.04.22"]
[Round "1"]
[White "Pintor, Manuel"]
[Black "Goldmund, Heike"]
[Result "1-0"]
[WhiteElo "1717"]
[BlackElo "1414"]
[PlyCount "53"]
[EventDate "2022.??.??"]
[EventType "tourn (corr)"]
[EventRounds "6"]
[SourceTitle "Corr 2024"]
[Source "ChessBase"]
[SourceDate "2023.10.19"]
[SourceVersion "1"]
[SourceVersionDate "2023.10.19"]
[SourceQuality "1"]

1. e4 d5 2. exd5 Qxd5 3. Nc3 Qa5 4. f4 Nf6 5. Nf3 Bg4 6. Be2 e6 7. 0-0 c6 8. d4 Qc7 9. Ne5 Bd6 10. Nxg4 Nbd7 11. Ne5 0-0 12. g4 Nd5 13. Nxd5 cxd5 14. Rf3 Rac8 15. c3 Nxe5 16. fxe5 Be7 17. g5 Qd8 18. h4 h6 19. gxh6 g6 20. h5 Bg5 21. hxg6 Bxc1 22. h7+ Kg7 23. Qxc1 Qh4 24. Qe3 Qg4+ 25. Rg3 Qh4 26. Rf1 Rh8 27. Rxf7# 1-0

[Event "FICGS class D 000284 email"]
[Site "FICGS email"]
[Date "2022.03.21"]
[Round "1"]
[White "Bernardara, Enos"]
[Black "Goldmund, Heike"]
[Result "1-0"]
[WhiteElo "1583"]
[BlackElo "1414"]
[PlyCount "111"]
[EventDate "2022.??.??"]
[EventType "tourn (corr)"]
[EventRounds "6"]
[SourceTitle "Corr 2024"]
[Source "ChessBase"]
[SourceDate "2023.10.19"]
[SourceVersion "1"]
[SourceVersionDate "2023.10.19"]
[SourceQuality "1"]

1. Nf3 Nf6 2. c4 b6 3. Nc3 Bb7 4. e3 e6 5. Be2 c5 6. 0-0 d6 7. b3 Be7 8. Bb2 0-0 9. h3 Nbd7 10. Re1 a6 11. d4 Qc7 12. d5 exd5 13. cxd5 Rfe8 14. e4 Bf8 15. a4 Nxe4 16. Bc4 Nxc3 17. Bxc3 Nf6 18. Bxf6 gxf6 19. Nh4 Kh8 20. Qh5 Re5 21. Qf3 Bg7 22. Nf5 Bf8 23. Ne3 Be7 24. Rad1 Rg5 25. Ng4 f5 26. Nh6 Rf8 27. Nxf5 Bd8 28. Ne3 Bc8 29. Ng4 Rfg8 30. Bf1 Bxg4 31. hxg4 Rxg4 32. Qc3+ f6 33. g3 Qg7 34. Re3 h5 35. Bh3 Rg5 36. Be6 Re5 37. Bxg8 Qxg8 38. Rdd3 Rxd5 39. Rxd5 Qxd5 40. Re8+ Kg7 41. Rxd8 Qd1+ 42. Kg2 Qd5+ 43. Kh2 Qe6 44. Qd3 Qe7 45. Rxd6 Kh6 46. Qd2+ Kg6 47. Rxb6 Qa7 48. Qd6 Qf7 49. Qxc5 Qg7 50. Rxa6 Qb7 51. Qd6 Qf3 52. Qf4 Qc3 53. g4 hxg4 54. Qxg4+ Kf7 55. Ra7+ Kf8 56. Qg7+ 1-0

[Event "FICGS class D 000284 email"]
[Site "FICGS email"]
[Date "2022.03.21"]
[Round "1"]
[White "Goldmund, Heike"]
[Black "Pintor, Manuel"]
[Result "0-1"]
[WhiteElo "1414"]
[BlackElo "1717"]
[PlyCount "56"]
[EventDate "2022.??.??"]
[EventType "tourn (corr)"]
[EventRounds "6"]
[SourceTitle "Corr 2024"]
[Source "ChessBase"]
[SourceDate "2023.10.19"]
[SourceVersion "1"]
[SourceVersionDate "2023.10.19"]
[SourceQuality "1"]

1. b4 e5 2. Bb2 Qf6 3. a3 Nc6 4. Nf3 a5 5. b5 Nd4 6. Nxd4 exd4 7. e3 Bc5 8. Be2 d6 9. 0-0 Bb6 10. c4 c5 11. Qc2 Bf5 12. d3 Qg6 13. Bf3 Bxd3 14. Qd2 Bxf1 15. Kxf1 dxe3 16. Qxe3+ Ne7 17. Bxb7 Rb8 18. Be4 Qe6 19. Bxg7 Rg8 20. Bb2 Qxc4+ 21. Bd3 Qg4 22. Be4 Kd7 23. Nd2 c4 24. Nxc4 Bxe3 25. Nxe3 Qxe4 26. Re1 Rxb5 27. Bf6 Rb1 28. Rxb1 Qxb1+ 0-1

[Event "FICGS class D 000284 email"]
[Site "FICGS email"]
[Date "2022.03.21"]
[Round "1"]
[White "Leurette, Marc Antoine"]
[Black "Goldmund, Heike"]
[Result "1-0"]
[WhiteElo "1743"]
[BlackElo "1414"]
[PlyCount "75"]
[EventDate "2022.??.??"]
[EventType "tourn (corr)"]
[EventRounds "6"]
[SourceTitle "Corr 2024"]
[Source "ChessBase"]
[SourceDate "2023.10.19"]
[SourceVersion "1"]
[SourceVersionDate "2023.10.19"]
[SourceQuality "1"]

1. e4 d5 2. exd5 Qxd5 3. Nc3 Qa5 4. d4 Nf6 5. Nf3 Bg4 6. Bd2 c6 7. Be2 e6 8. Ne4 Qc7 9. Nxf6+ gxf6 10. h3 Bh5 11. Be3 Nd7 12. Qd3 Bg6 13. Qb3 Nb6 14. 0-0-0 Bg7 15. h4 Nd5 16. h5 Be4 17. h6 Bf8 18. Bd3 Bxd3 19. Qxd3 Nxe3 20. Qxe3 Bd6 21. g3 0-0-0 22. Kb1 Rhe8 23. Nd2 Qb6 24. f4 Ba3 25. Qxa3 Rxd4 26. c3 Rd3 27. Rhg1 Red8 28. Kc1 Kb8 29. Nc4 Rxd1+ 30. Rxd1 Rxd1+ 31. Kxd1 Qg1+ 32. Kc2 Qg2+ 33. Kb3 b5 34. Qf8+ Kb7 35. Nd6+ Kb6 36. Qb8+ Ka6 37. Qb7+ Ka5 38. Qxa7# 1-0